=LDR 00000nam 2200000 4500 =001 INLIS00000000000040 =005 20260702043538 =020 ##$$a 978-602-213-102-1 =082 ##$$a 745.594 =100 1#$$a Damayanti, Astri =245 1 $$a Inspirasi Kemasan Kain /$c Astri Damayanti =300 ##$$a 60 ; 19 x 23